Online Catalogue and eLibrary

Marga : (Record no. 2596)

MARC details
000 -LEADER
fixed length control field 00340nam a2200133Ia 4500
005 - DATE AND TIME OF LATEST TRANSACTION
control field 20240425024813.0
008 - FIXED-LENGTH DATA ELEMENTS--GENERAL INFORMATION
fixed length control field 240331s9999 xx 000 0 und d
082 ## - DDC Classification
Item Number - Author Mark MAR
Class No. 331
245 #0 - TITLE STATEMENT
Title Marga :
Remainder of title quarterly journal
Statement of responsibility, etc. Marga Institute
260 ## - PUBLICATION, DISTRIBUTION, ETC.
Place of publication, distribution, etc. Dehiwala
Name of publisher, distributor, etc. Marga Institute
Date of publication, distribution, etc. 1993
300 ## - PHYSICAL DESCRIPTION
Extent (e.g. Volumes, Pages etc.) ix, 87 p.,
650 ## - SUBJECT ADDED ENTRY--TOPICAL TERM
Topical term or geographic name entry element Economics
942 ## - Koha item type (Biblio)
Koha item type Books in Stacks (Lending)
Holdings
Lost status Damaged status Collection code Home library Current library Shelving location Date acquired Full call number Accession Number Item type
    Lending WERC Library WERC Library Social Science Cupboard 03/31/2024 331 MAR 2002 Books in Stacks (Lending)

© WERC Library